000 00676nam a2200241Ia 4500
003 OSt
005 20220928110223.0
006 a|||||r|||| 00| 0
007 ta
008 220927b |||||||| |||| 00| 0 eng d
024 _a29768
037 _cTextual
040 _aSDCL
_cSDCL
_beng
041 _2eng
_aeng
082 _aO15,3v, 152K9
100 _aKavathekar Prabhakar Narayan
_9418640
245 0 _aNitikatha ka udgam evam vikas.
260 _aVaranasi
_bvan
_c1969
300 _a448p
_ccm.
490 _aChowkhamba rashtrabhasha granthmala.7.
942 _hO15,3v, 152K9
_cTEXL
_2CC
999 _c734654
_d734654